Smluvní mzdy dělníků.
Odmeňovanie kvalifikovaných robotníkov v štátnych podnikoch v podmienkach mzdovej regulácie. Zavedenie zmluvných miezd a spôsob stanovenia ich výšky pre rôzne kategórie robotníkov. Diferencované cieľové odmeny za nadvýkon oproti štandardnému. Odmena za vopred dohodnutú úlohu.
Gespeichert in:
| 1. Verfasser: | |
|---|---|
| Format: | Buchkapitel |
| Sprache: | Tschechisch |
| Schlagworte: | |
| Tags: |
Keine Tags, Fügen Sie das erste Tag hinzu!
|
MARC
| LEADER | 00000naa a2200000 4500 | ||
|---|---|---|---|
| 001 | r011367 | ||
| 005 | 20220826093942.2 | ||
| 041 | 0 | |a cze | |
| 044 | |a [CS] | ||
| 245 | 1 | 0 | |a Smluvní mzdy dělníků. |c V. Pikal |
| 520 | |a Odmeňovanie kvalifikovaných robotníkov v štátnych podnikoch v podmienkach mzdovej regulácie. Zavedenie zmluvných miezd a spôsob stanovenia ich výšky pre rôzne kategórie robotníkov. Diferencované cieľové odmeny za nadvýkon oproti štandardnému. Odmena za vopred dohodnutú úlohu. | ||
| 610 | 2 | 0 | |a mzdy zmluvné |
| 610 | 2 | 0 | |a robotníci |
| 610 | 2 | 0 | |a odmeňovanie |
| 610 | 2 | 0 | |a podnik štátny |
| 610 | 2 | 0 | |a regulácia miezd |
| 610 | 2 | 0 | |a diferenciácia mzdová |
| 100 | 1 | |a Pikal, V. | |